000 00891nam a2200217 a 4500
001 52463
003 BD-RjUL
005 20211209075818.0
008 160921s1955 ii ||||| |||| 00| 0 ben d
035 _a(BD-RjUL)52583
040 _aBD-RjUL
_bben
_cBD-RjUL
_dBD-RjUL
041 _aben
082 _223
_a891.4409
_bRAS 1955
100 _aরায়, অন্নদাশঙ্কর
_9119187
245 1 0 _aসাহিত্যে সঙ্কট /
_cঅন্নদাশঙ্কর রায়
260 _aকলিকাতা :
_bএম.সি.সরকার এন্ড সন্স লিঃ,
_c১৯৫৫[১৩৬২].
300 _a[৬], ৯৬ পৃ. ;
_c২১ সেমি.
650 _aবাংলা সাহিত্য
_vইতিহাস ও সমালোচনা
_9117445
650 _aBengali literature
_vHistory and Criticism
_9156937
942 _2ddc
_cBK
999 _c52463
_d52463